Peter F.Drucker Predhovor k pôvodnému vydaniu knihy "Vek diskontinuity"

Osobnosť P.F.Druckera ako významného predstaviteľa svetového manažmentu. Medzinárodný ohlas zaznamenala jeho kniha Vek diskontinuity. Predhovory P.F. Druckera k jednotlivým vydaniam tejto knihy. Toto číslo časopisu prináša predhovor z roku 1968.

Gespeichert in:
Bibliographische Detailangaben
Format: Buchkapitel
Sprache:Slowakisch
Schlagworte:
Tags: Tag hinzufügen
Keine Tags, Fügen Sie das erste Tag hinzu!

MARC

LEADER 00000naa a2200000 4500
001 r017497
005 20221213100532.3
041 0 |a slo 
044 |a SK 
245 1 0 |a Peter F.Drucker  |b Predhovor k pôvodnému vydaniu knihy "Vek diskontinuity" 
520 |a Osobnosť P.F.Druckera ako významného predstaviteľa svetového manažmentu. Medzinárodný ohlas zaznamenala jeho kniha Vek diskontinuity. Predhovory P.F. Druckera k jednotlivým vydaniam tejto knihy. Toto číslo časopisu prináša predhovor z roku 1968. 
610 2 0 |a Drucker, P. 
610 2 0 |a manažment medzinárodný 
610 2 0 |a hospodárstvo svetové 
610 2 0 |a USA 
610 2 0 |a problémy globálne 
610 2 0 |a futurológia 
610 2 0 |a spoločnosť